00883nam a2200241 i 4500001000400000245018400004246004700188260004600235300003400281490006700315504002300382650002100405700002500426700002700451700001600478830005800494020001500552040000800567041000800575044000800583080000900591008004100600bgj10aFriesische Studien II :bBeiträge des Föhrer Symposiums zur Friesischen Philologie vom 7.-8. April 1994 /chrsg. von Volkert F. Faltings, Alastair G. H. Walker und Ommo Wilts. aNorth-Western European Language Evolution. aOdense :bOdense University Press,c1995. aVI, 221 s. :bwykr. ;c22 cm,1 aNorth-Western European Language EvolutionpSupplementvvol. 12 aBibliogr. 216-220.9 aJęzykoznawstwo1 aFALTINGS, Volkert F.1 aWALKER, Alastair G. H.1 aOmmo Wilts. aNorth-Western European Language EvolutionpSupplement a8778380596 cBPK0 ager aDEU a81'1 s gw f |000 0 ger